Geometric tools for computer graphics (Record no. 909)

MARC details
000 -LEADER
Fixed length control field 00477nam a2200169 4500
003 - CONTROL NUMBER IDENTIFIER
Control field SEACOMEC
005 - DATE AND TIME OF LATEST TRANSACTION
Control field 20240417130036.0
008 - FIXED-LENGTH DATA ELEMENTS--GENERAL INFORMATION
Fixed length control field 240417b |||||||| |||| 00| 0 eng d
020 ## - INTERNATIONAL STANDARD BOOK NUMBER / ISBN
Price Rs.795.00
040 ## - CATALOGING SOURCE
Original cataloging agency SEACOMEC
082 ## - DEWEY DECIMAL CLASSIFICATION NUMBER
Classification number 006.6
Book Number S359
100 ## - MAIN ENTRY--PERSONAL NAME
Personal name Schneider,Philip J.
245 1# - TITLE STATEMENT
Title Geometric tools for computer graphics
Statement of responsibility Philip J. Schneider,David H. Fatherly
260 ## - IMPRINT
Place of publication New Delhi
Name of publisher Elsevier
Date of publication 2005
650 ## - SUBJECT ADDED ENTRY--TOPICAL TERM
Topical term Computer science
Form subdivision Computer graphics
942 ## - ADDED ENTRY ELEMENTS (KOHA)
Koha item type Books
Holdings
Withdrawn status Lost status Source of classification Damaged status Not for loan Home library Current library Date acquired Total Checkouts Call number Accession number Date last seen Price effective from Koha item type
    Dewey Decimal Classification     SEACOM ENGINEERING COLLEGE SEACOM ENGINEERING COLLEGE 11/06/2006   006.6 S359 3572 17/04/2024 17/04/2024 Books
© Seacom Engineering College, All rights reserved.      Powered by Koha